Pokemony typu... #1 - Statystyki

Ogólne statystyki
  • Ten quiz został rozwiązany 185 razy
    168 od ostatniego zresetowania
  • Średni wynik to 29 z 117
Statystyki odpowiedzi
Pokemon % Poprawnych
Bulbasaur
93%
Ivysaur
81%
Gigantamax Venusaur
79%
Mega Venusaur
79%
Venusaur
79%
Oddish
61%
Chikorita
60%
Gloom
60%
Meganium
54%
Bellsprout
53%
Treecko
52%
Turtwig
50%
Mega Sceptile
46%
Sceptile
46%
Snivy
46%
Torterra
46%
Vileplume
46%
Bayleef
44%
Grotle
44%
Weepinbell
42%
Rowlet
40%
Victreebel
40%
Grovyle
39%
Tangela
39%
Leafeon
38%
Serperior
37%
Chespin
35%
Bellossom
33%
Paras
33%
Parasect
33%
Celebi
32%
Roselia
32%
Alolański Exeggutor
30%
Exeggutor
30%
Roserade
30%
Servine
30%
Sunflora
29%
Hoppip
28%
Exeggcute
26%
Tangrowth
26%
Budew
25%
Jumpluff
25%
Lotad
25%
Ludicolo
25%
Seedot
25%
Decidueye
24%
Lombre
24%
Cacnea
23%
Chesnaught
23%
Shiftry
23%
Sunkern
23%
Virizion
23%
Dartrix
22%
Grookey
22%
Breloom
21%
Quilladin
21%
Skiploom
21%
Cacturne
20%
Cherrim
20%
Nuzleaf
20%
Rillaboom
20%
Shroomish
20%
Cherubi
18%
Leavanny
18%
Lileep
18%
Shaymin (Lądowa Forma)
18%
Shaymin (Podniebna Forma)
18%
Tropius
17%
Abomasnow
16%
Cradily
16%
Gogoat
16%
Mega Abomasnow
16%
Gigantamax Rillaboom
15%
Pansage
15%
Snover
15%
Cottonee
14%
Carnivine
13%
Ferroseed
13%
Ferrothorn
13%
Petilil
13%
Sewaddle
13%
Simisage
13%
Skiddo
13%
Lilligant
12%
Deerling
11%
Swadloon
11%
Thwackey
11%
Trevenant
11%
Wormadam
11%
Maractus
10%
Rotom Kosiarki
10%
Kartana
8%
Phantump
8%
Pumpkaboo
8%
Sawsbuck
8%
Whimsicott
8%
Zarude
8%
Applin
7%
Bounsweet
7%
Foongus
7%
Gourgeist
7%
Tapu Bulu
7%
Tsareena
7%
Amoonguss
6%
Eldegoss
6%
Flapple
6%
Gigantamax Flapple
6%
Lurantis
6%
Shiinotic
6%
Steenee
6%
Appletun
5%
Fomantis
5%
Gossifleur
5%
Calyrex
4%
Dhelmise
4%
Gigantamax Appletun
4%
Morelull
4%
Nie znaleziono quizów pasujących do podanych kryteriów
Rozkład punktacji
Procent ludzi z każdym wynikiem
Percentyl według liczby udzielonych odpowiedzi
Twoja historia wyników
Nie rozwiązałeś tego quizu od ostatniego zresetowania